LEADER 01216nam--2200397---450- 001 990005809480203316 005 20130219130437.0 010 $a88-89820-03-9 035 $a000580948 035 $aUSA01000580948 035 $a(ALEPH)000580948USA01 035 $a000580948 100 $a20130219d2006----km-y0itay50------ba 101 $aita 102 $aIT 105 $a||||||||001yy 200 1 $aArte d'avanguardia e società$el'esperienza futurista nel pensiero sociale e culturale contemporaneo$fIlaria Riccioni$gcontributi [di] A. Castronuovo ... [et al.] 210 $aRoma$cL'albatros$d2006 215 $a144 p.$d21 cm 410 0$12001 454 1$12001 461 1$1001-------$12001 606 0 $aFuturismo$2BNCF 676 $a709.04033 700 1$aRICCIONI,$bIlaria$0328820 702 1$aCASTRONUOVO,$bA. 801 0$aIT$bsalbc$gISBD 912 $a990005809480203316 951 $aXII.2.D. 974$b227199 L.M.$cXII.2.D.$d00319066 959 $aBK 969 $aUMA 979 $aFIORELLA$b90$c20130219$lUSA01$h1301 979 $aFIORELLA$b90$c20130219$lUSA01$h1304 979 $aFIORELLA$b90$c20130219$lUSA01$h1304 996 $aArte d'avanguardia e società$91089916 997 $aUNISA LEADER 02608oam 2200637I 450 001 9910783277503321 005 20230617031713.0 010 $a1-134-26709-6 010 $a1-280-13926-9 010 $a0-203-02324-2 024 7 $a10.4324/9780203023242 035 $a(CKB)1000000000024149 035 $a(EBL)214793 035 $a(OCoLC)70118532 035 $a(SSID)ssj0000149932 035 $a(PQKBManifestationID)11150517 035 $a(PQKBTitleCode)TC0000149932 035 $a(PQKBWorkID)10239637 035 $a(PQKB)11553768 035 $a(MiAaPQ)EBC214793 035 $a(Au-PeEL)EBL214793 035 $a(CaPaEBR)ebr10094830 035 $a(CaONFJC)MIL13926 035 $a(OCoLC)59169454 035 $a(EXLCZ)991000000000024149 100 $a20180706d2005 uy 0 101 0 $aeng 135 $aur|n|---||||| 181 $ctxt 182 $cc 183 $acr 200 10$aEthics for international business $edecision making in a global political economy /$fJohn M. Kline 210 1$aLondon ;$aNew York :$cRoutledge,$d2005. 215 $a1 online resource (286 p.) 300 $aDescription based upon print version of record. 311 $a0-415-35102-2 311 $a0-415-35103-0 320 $aIncludes bibliographical references and index. 327 $aBook Cover; Title; Copyright; Contents; 1 The value foundation for a global society; 2 Ethics and international business; 3 Human rights concepts and principles; 4 Political involvements by business; 5 The foreign production process; 6 Product and export controls; 7 Marketing motives and methods; 8 Culture and the human environment Introduction; 9 Nature and the physical environment; 10 Business guidance and control mechanisms; 11 Deciding ethical dilemmas; Appendix; Further reading; Index; 330 $aBased around a wide-ranging selection of real-life examples, this text focuses on how to make and explain "best choice" judgements in international business situations. 606 $aBusiness ethics 606 $aInternational business enterprises$xMoral and ethical aspects 606 $aGlobalization$xMoral and ethical aspects 615 0$aBusiness ethics. 615 0$aInternational business enterprises$xMoral and ethical aspects. 615 0$aGlobalization$xMoral and ethical aspects. 676 $a174/.4 686 $a85.02$2bcl 700 $aKline$b John M.$0114809 801 0$bMiAaPQ 801 1$bMiAaPQ 801 2$bMiAaPQ 906 $aBOOK 912 $a9910783277503321 996 $aEthics for international business$9783100 997 $aUNINA LEADER 01400nas 2200397 n 450 001 990008936570403321 005 20240229084618.0 011 $a1045-5752 035 $a000893657 035 $aFED01000893657 035 $a(Aleph)000893657FED01 035 $a000893657 091 $2CNR$aP 00220010 100 $a20161109a19889999km-y0itaa50------ba 101 0 $aeng 102 $aGB 110 $aauu-------- 200 1 $aCapitalism, nature, socialism 207 1$a1988- 210 $aSanta Cruz, Calif.$c[s.n. 326 $aTrimestrale 452 0$12001$aCapitalism, nature, socialism (Online) 517 0 $aCNS 530 0 $aCapitalism, nature, socialism 531 $aCAPITAL. NAT. SOCIAL. 676 $a304.2/05 801 0$aIT$bACNP$c20090723 859 4 $uhttp://acnp.cib.unibo.it/cgi-ser/start/it/cnr/dc-p1.tcl?catno=2342217&person=false&language=ITALIANO&libr=&libr_th=unina1$zBiblioteche che possiedono il periodico 901 $aSE 912 $a990008936570403321 958 $aBRAU. Biblioteca di Ricerca di Area Umanistica$b1992-2006;$eSP - Per. ingl. estinto 162$fFLFBC 959 $aFLFBC 996 $aCapitalism, nature, socialism$9796634 997 $aUNINA AP1 8 $6866-01$aNA072 BRAU. Biblioteca di Ricerca di Area Umanistica$bSP - Per. ingl. estinto 162$ePiazza Bellini 56/60, 80133 Napoli (NA)$m(081) 2533948$nit AP2 4 $uhttp://firstsearch.oclc.org